000 01195nam a2200325 c 4500
003 BLK
005 20200210093910.0
008 180413b bul|||||r ||||||| ||bul||
010 _aKNG00022536000
020 _a954-441-024-4
_bиздат.: Петриков
040 _aBLK
041 _aBUL
_cBUL
080 _aАмериканска литература (на САЩ)
_b821.111(73)
_x-312.4
_z821.111(73)-312.4
100 1 _aЕлрой, Джеймс
_eпърви автор
_967068
700 1 _aВасилева, Ирена
_eпрев. от англ.
_9264659
139 _aЕлрой, Джеймс
_bЕ 55
245 1 0 _aЗащото нощта...
_bРоман
_cДжеймс Елрой; прев. от англ. Ирена Василева.
257 _aUSA
260 София
_bПетриков
_c1998
_fСофия : Д. Благоев
300 _a272 с.
_c21 см
380 _aX
500 _aОриг. загл. Because the night / James Ellroy. - 4 500 тир.
653 _aромани
653 _aтрилъри
852 _aЦб 196456
856 4 _qpdf
_u
856 4 _qpdf
_u
942 _cKNG
_n0
_02
944 _aCR
_c15.01.2003
_kЦветанка_Енчева
944 _aED
_c30.11.2005
_k
999 _c20319
_d20319